| 000 | 00507 a2200241 4500 | ||
|---|---|---|---|
| 260 | _aMoscou | ||
| 630 | _a57 - Biologie | ||
| 037 | _b3, Resbus | ||
| 650 | _a5 - SCIENCES EXACTES ET NATURELLES | ||
| 100 | _aRakipov, N. | ||
| 260 | _bEditions MIR | ||
| 245 | _aBiochimie des cultures tropicales | ||
| 300 | _a335 p. | ||
| 650 | _aBiochimie | ||
| 260 | _c1987 | ||
| 300 | _b23cm | ||
| 100 | _lFr | ||
| 037 | _aS 3655 | ||
| 037 | _aS 3656 | ||
| 037 | _aS 3657 | ||
| 999 |
_c41655 _d41655 |
||